000 00830nam a2200253Ia 4500
003 OSt
005 20251107143157.0
008 210210b2014 xxu||||| |||| 00| 0 eng d
040 _cAL
041 _aKannada
082 _aK894.301 KALN
100 _aKALLACHCHU MAHESH NAYAK (R)
_dಕಲ್ಲಚ್ಚು ಮಹೇಶ್ ನಾಯಕ್ (ಅರ್)
_9244714
245 _aNannajjana birugaliya harata: katha sankalana
_bನನ್ನಜ್ಜನ ಬಿರುಗಾಳಿಯ ಹರತ: ಕಥಾ ಸಂಕಲನ
260 _aBengaluru
_bVyasa Publications.,
_c2014
300 _a556
650 _asankalana
_9244715
650 _aNannajjana
_9244716
650 _akatha
_9244717
650 _aharata:
_9244718
650 _abirugaliya
_9244719
690 _aKannada Fiction
_9244720
906 _a070121
942 _2ddc
_cBK
999 _c119586
_d119586